| 000 | 01121nam a2200301Ia 4500 | ||
|---|---|---|---|
| 001 | 92576 | ||
| 003 | IT-RoPAU | ||
| 008 | 130308s9999 xx 000 0 und d | ||
| 040 | _aIT-RoPAU | ||
| 040 | _cIT-RoPAU | ||
| 041 | _aSPAGNOLO | ||
| 100 | _aHarrison Bennet | ||
| 100 | _gCodice Aut. SPICS: 32517 | ||
| 245 | _aAlta tecnologia y crecimiento economico: massa chusetts y los Estados Unidos | ||
| 245 | _bPaises Industrializados Ante Las nuevas tecnologias (Los)-2-Experiencias tecnologicas e Impactos Economicos Y Sociales | ||
| 250 | _a1a ed. | ||
| 260 | _aMADRID | ||
| 260 | _bFundesco | ||
| 260 | _c1986 [1° Ed.:1986 - Ed.Ling.Originale:1986] | ||
| 300 | _a"19 p. (prefazione: no ; testo: 19 [pagine: 127-145])" | ||
| 500 | _aAlta tecnologia e Crescita Economica Negli Stati Uniti Alta tecnologia nel Massachusetts Alta tecnologia ed Economia di Due livelli settore della Difesa e Alta tecnologia conseguenze della Dipendenza Militare | ||
| 650 | _aPOLITICA DELLA COMUNICAZIONE SOCIALE | ||
| 650 | _eCodice materia Spics: 3803 | ||
| 942 | _cBK | ||
| 957 | _71 | ||
| 999 |
_c43673 _d43673 |
||
| 999 | _bSI | ||
| 999 | _g1 | ||